[Event "17th Aeroflot Open-A 2019"]
[Site "Moscow"]
[Date "2019.02.23"]
[Round "4.18"]
[White "Khismatullin, Denis"]
[Black "Debashis, Das"]
[Result "1/2-1/2"]
[WhiteElo "2621"]
[BlackElo "2532"]
[Annotator "TA"]
[PlyCount "112"]
[EventDate "2019.02.19"]
[EventCountry "RUS"]
[SourceTitle "playchess.com"]
[Source "ChessBase"]
[SourceQuality "1"]

{[%evp 11,112,13,19,12,16,8,23,25,20,25,17,12,36,0,45,30,45,28,18,45,61,48,44,43,83,73,72,81,28,22,29,12,22,23,23,36,69,66,227,91,97,0,0,0,0,0,0,0,412,54,39,-10,-9,-5,-11,-5,-6,-20,0,-87,-89,-88,-95,-180,-193,-265,-54,-70,-59,-72,-69,-70,-68,-95,-39,-37,-15,-80,-80,-80,-8,-8,0,-8,0,-8,0,0,0,0,0,0,0,0,0,0,0,0,0,0,0,0,0]} 1. c4 Nf6 2. Nf3 e6 3. Nc3 Bb4 4. Qc2 O-O 5. a3 Bxc3 6. Qxc3 d6 7. b4 {A17: English Opening: 1...Nf6 with ...Bb4} e5 (7... a5 8. Bb2 e5 9. e3 axb4 10. axb4 Rxa1+ 11. Bxa1 Bg4 12. Be2 Ne4 13. Qb2 Nd7 14. h3 Bh5 {1-0 (37) Sivuk,V (2542)-Delgado Ramirez,N (2620) Arica 2018}) 8. Bb2 e4 9. Ng5 $146 {White has an edge.} ({Predecessor:} 9. Nd4 c5 10. Nb3 b6 11. e3 Nc6 12. d4 exd3 13. Bxd3 Ne5 14. Rd1 Qe7 15. O-O Re8 16. f3 Be6 17. bxc5 bxc5 18. Na5 Qc7 19. e4 {½-½ (19) Yermolinsky,A (2515)-Rosen,E (2406) Saint Louis 2015}) 9... Re8 10. f3 exf3 11. gxf3 Nbd7 12. f4 Nf8 13. Rg1 {Qxf6! is the strong threat.} Ng6 $1 14. e3 Bf5 15. O-O-O c5 16. h4 $1 cxb4 (16... Nxh4 $2 17. Qxf6 $1 {[%mdl 512]} gxf6 18. Ne6+ Ng6 19. Nxd8 $18) 17. axb4 a5 {[#]} 18. h5 $1 {[%mdl 512]} axb4 (18... Nxh5 19. Nxf7) 19. Qxb4 Nf8 ({Better is} 19... Nxh5 $16 20. Nxf7 (20. Qxb7 Re7 $17) 20... Kxf7) 20. h6 $11 g6 $1 21. Qc3 N8d7 22. e4 Bxe4 23. Bh3 Nc5 {Strongly threatening ...Nd3+.} 24. d3 Bc6 $2 ({Black should try} 24... Nxd3+ $14 25. Rxd3 Bxd3 26. Qxd3 Qb6) 25. Bg4 (25. Qxf6 $6 Qxf6 26. Bxf6 Ra3) (25. Rge1 $1 $18) 25... Ba4 $16 26. Rde1 (26. Qxf6 $16 Qxf6 27. Bxf6) 26... Rxe1+ $11 27. Rxe1 {Hoping for Ne4.} d5 28. cxd5 Qxd5 29. Be2 (29. Qxf6 $2 Nxd3+ 30. Kb1 Bc2+ $1 {[%mdl 512]} 31. Kxc2 Nb4+ 32. Kc3 (32. Kc1 $2 Qc4+ 33. Qc3 Na2+ {[%mdl 64] Double Attack} 34. Kd2 Nxc3 $19) 32... Qc5+ 33. Kd2 (33. Kb3 Qc2+ 34. Kxb4 Ra4+ 35. Kb5 Qb3+ 36. Kc5 Qb4+ {[%mdl 64] Double Attack} 37. Kd5 Ra5#) 33... Qc2+ 34. Ke3 Nd5+ 35. Kf3 Qd3+ 36. Kg2 Nxf6 $19) 29... Ncd7 $2 {[%mdl 8192] [#]} (29... Qf5 $11 {and Black has nothing to worry.}) 30. Bf3 $2 (30. Ne4 $1 $18 {[%mdl 512]}) 30... Qd6 $14 31. Qd4 {[%mdl 1024] White has compensation.} (31. Qc4 Bb3 $11) 31... Rc8+ 32. Kd2 $132 {[%mdl 2048] White is not holding back} Rc2+ 33. Ke3 Qe7+ 34. Be4 $1 Qf8 35. Rc1 (35. Bxg6 $11 fxg6 36. Qxa4 Rxb2 37. Qc4+ Kh8 38. Nf7+ Kg8 39. Ne5+ Kh8 40. Nxd7 Qe8+ 41. Ne5) 35... Rxc1 $17 36. Bxc1 Bc6 ({Much weaker is} 36... Nxe4 $6 37. dxe4 (37. Nxe4 Bc6 $11) 37... Bc6 38. Kf3 $11 (38. Bb2 Qc5 $11)) 37. Bb2 (37. Ke2 $17) 37... Qxh6 $19 38. Qc4 (38. Qd6 $142 Qf8 39. Qxf8+ Kxf8 40. Ba3+ Kg7 41. Bb2) 38... Qf8 $2 (38... Ng4+ $19 39. Kf3 Nge5+ $1 {[%mdl 512]} 40. fxe5 Qxg5) 39. Bxc6 $15 bxc6 40. Qxc6 Qe7+ 41. Kf3 h6 42. Ne4 {[#]} Nxe4 ({Black should play} 42... Ne8 $1 $17) 43. dxe4 f6 44. e5 (44. Bc3 $11 {remains equal.}) 44... Kf7 $17 {[%cal Rf6e5]} 45. exf6 Qe6 (45... Nxf6 $17 46. Bxf6 Qxf6 47. Qc4+ Qe6) 46. Qb7 $11 {The position is equal.} h5 47. Be5 Qg4+ 48. Kf2 h4 49. Qd5+ Qe6 50. Qxe6+ Kxe6 51. Kf3 Nxf6 52. Bxf6 Kxf6 {KPP-KP} 53. Kg4 {[#]} h3 $1 {[%mdl 512]} 54. Kxh3 Kf5 55. Kg3 g5 56. fxg5 Kxg5 {Accuracy: White = 52%, Black = 50%.} 1/2-1/2

[Event "17th Aeroflot Open-A 2019"]
[Site "Moscow"]
[Date "2019.02.23"]
[Round "4.19"]
[White "Inarkiev, Ernesto"]
[Black "Sadhwani, Raunak"]
[Result "1/2-1/2"]
[WhiteElo "2692"]
[BlackElo "2448"]
[Annotator "TA"]
[PlyCount "56"]
[EventDate "2019.02.19"]
[EventCountry "RUS"]
[SourceTitle "playchess.com"]
[Source "ChessBase"]
[SourceQuality "1"]

{[%evp 18,56,39,33,39,33,34,33,53,25,46,0,20,0,0,0,0,-24,-25,-86,-85,-107,-112,-110,-107,-111,-105,-114,-107,-104,-89,-100,-93,-105,-105,-106,-89,-93,-94,-101,-93]} 1. e4 e5 2. Nf3 Nf6 3. Nc3 Nc6 4. Bb5 Bb4 5. O-O O-O 6. d3 Bxc3 7. bxc3 d6 8. Bg5 Ne7 9. Bxf6 gxf6 10. d4 Ng6 {C49: Four Knights: 4 Bb5 Bb4} 11. Bd3 Kh8 12. Qd2 Rg8 {White is slightly better.} 13. Kh1 $146 ({Predecessor:} 13. Qh6 Bg4 14. Nh4 Nxh4 15. Qxh4 Bf3 16. g3 Rg6 17. Qh3 Bg4 18. Qg2 {0-1 (48) Shtyka,S (2325)-Nepomniachtchi,I (2506) Internet 2006}) 13... b6 14. Bc4 Be6 15. Bxe6 fxe6 16. Rae1 Qe8 17. Ng1 Qa4 18. Nh3 (18. a3 $11 {remains equal.}) 18... Qxa2 $17 {Black is better.} 19. f4 exf4 20. Nxf4 Nxf4 21. Rxf4 Rg6 22. d5 Rag8 23. g3 e5 24. Rf5 Qa4 25. Qf2 Kg7 26. h4 Kh8 27. Re3 {[#]} Qd7 $1 28. Kg2 Qg7 {Accuracy: White = 52%, Black = 68%.} 1/2-1/2

[Event "17th Aeroflot Open-A 2019"]
[Site "Moscow"]
[Date "2019.02.23"]
[Round "4.20"]
[White "Fier, Alexandr"]
[Black "Safarli, Eltaj"]
[Result "1-0"]
[WhiteElo "2561"]
[BlackElo "2681"]
[Annotator "TA"]
[PlyCount "77"]
[EventDate "2019.02.19"]
[EventCountry "RUS"]
[SourceTitle "playchess.com"]
[Source "ChessBase"]
[SourceQuality "1"]

{[%evp 17,77,0,0,0,0,0,0,0,0,0,0,0,0,0,0,0,0,0,18,18,16,-51,9,12,33,18,18,-45,-33,-41,-27,-36,36,42,41,39,257,284,255,275,369,371,440,450,541,541,536,511,538,533,528,510,692,587,694,680,659,639,669,631,635,614]} 1. e4 e5 2. Nf3 Nc6 3. Bc4 Bc5 4. c3 Nf6 5. d4 exd4 6. e5 d5 7. Bb5 Ne4 8. cxd4 Bb6 9. Nc3 O-O 10. Be3 {C54: Giuoco Piano: 4 c3 Nf6, main lines with 5 d4 and 5 d3} Bg4 11. h3 Bh5 12. Qc2 {The position is equal.} Ba5 (12... Nxc3 13. bxc3 f6 14. exf6 Qxf6 15. Be2 Rae8 16. O-O Kh8 17. a4 Bg6 {1-0 (41) Jones,G (2682)-Jakovenko,D (2735) St Petersburg 2018}) 13. Bxc6 bxc6 14. O-O $146 ({Predecessor:} 14. Nd2 Bxc3 15. bxc3 Bg6 16. Qc1 c5 {½-½ (39) Bulmaga,I (2394)-Muzychuk,A (2555) Batumi 2018}) 14... Bxc3 15. bxc3 f5 16. Nd2 f4 $1 17. Nxe4 dxe4 18. Bc1 {Ba3 is the strong threat.} Bg6 19. f3 (19. Kh2 $11) 19... exf3 (19... e3 $15 20. Qe2 Bf5) 20. Qb3+ $11 Kh8 21. Rxf3 Rb8 22. Qa3 (22. Qe6 $11) 22... Qh4 $15 {Hoping for ...Qe1+.} 23. Bd2 ({Don't blunder} 23. Qxa7 $2 Be4 $19) 23... Be4 24. Rf2 Bxg2 (24... f3 $15) 25. Rxg2 $14 {Black must now prevent Kh2.} f3 26. Be1 $1 {[%cal Re1h4]} Qf4 $2 {[#]} (26... Qxh3 $14 27. Rg3 Qf5) 27. Rh2 $1 $18 Rf5 {[#] aiming for ...Rg5+.} 28. Qc1 $1 ({Much less strong is} 28. Qxa7 $6 Rbf8 $16) 28... Qe4 29. Bg3 Qd3 30. Rf2 {White is clearly winning.} Rh5 31. Qf4 Rf5 32. Qd2 Qc4 33. Qe3 c5 34. dxc5 Rbf8 35. Raf1 Kg8 36. Rxf3 Rxf3 37. Rxf3 Re8 38. Rf2 h6 39. Kh2 {Accuracy: White = 82%, Black = 45%.} 1-0

[Event "17th Aeroflot Open-A 2019"]
[Site "Moscow"]
[Date "2019.02.23"]
[Round "4.21"]
[White "Karthikeyan, Murali"]
[Black "Maghsoodloo, Parham"]
[Result "1-0"]
[WhiteElo "2560"]
[BlackElo "2666"]
[Annotator "TA"]
[PlyCount "206"]
[EventDate "2019.02.19"]
[EventCountry "RUS"]
[SourceTitle "playchess.com"]
[Source "ChessBase"]
[SourceQuality "1"]

{[%evp 17,206,23,50,25,10,7,21,22,37,32,40,26,35,37,37,40,26,28,95,84,101,100,120,125,143,133,131,141,138,110,120,112,103,62,69,51,53,29,25,21,86,83,84,93,138,137,119,119,121,121,137,128,127,77,84,88,114,123,138,138,138,138,138,132,128,120,136,87,87,82,186,184,492,492,492,492,492,490,485,476,468,464,982,982,982,982,982,975,975,975,967,960,960,960,952,945,945,945,945,945,945,945,895,880,852,481,302,8,8,0,460,302,302,84,945,945,945,17,19,0,945,938,931,916,905,133,133,133,133,0,133,133,847,133,840,819,766,352,1792,1792,1792,1785,1785,1778,1778,0,1778,0,1770,1770,1756,1756,1756,1731,1723,1723,29944,29945,29938,29946,29943,12849,12718,1720,1709,1657,1612,272,12819,12787,12795,12787,12756,12611,12743,320,12683,29943,29942,320,29970,29970,29966,29968,29962,29963,29945,12842,5297,1814,29970]} 1. e4 e5 2. Nf3 Nc6 3. Bb5 a6 4. Ba4 Nf6 5. O-O b5 6. Bb3 Bc5 7. c3 d6 8. a4 Rb8 9. d4 Bb6 10. a5 {C78: Ruy Lopez: Archangelsk and Möller Defences} Ba7 $1 11. h3 h6 12. Be3 {Strongly threatening dxe5.The position is equal.} Ra8 13. dxe5 Nxe5 14. Nxe5 dxe5 15. Qxd8+ Kxd8 16. Bxa7 Rxa7 17. Bxf7 Nxe4 {[#]} (17... Ke7 $11 {remains equal.} 18. Bg6 Rd8) 18. Re1 $146 Nd6 19. Bd5 Re8 20. Nd2 Bd7 21. Re2 c6 22. Bf3 Kc7 23. Rae1 Nc4 24. Bh5 Re7 25. Nxc4 bxc4 26. Re4 Rb7 27. Be2 Bf5 28. Re3 $36 {[%mdl 2048] White is pushing.} Rxb2 (28... Bd3 $1 $11) 29. Bxc4 $16 Kd6 30. f4 e4 31. g4 ({Much less strong is} 31. Bxa6 $6 Ra2 $14) 31... Bd7 32. Bxa6 Ra2 33. Bd3 Rxa5 34. Bxe4 Ra2 35. R1e2 Rxe2 36. Rxe2 {[%mdl 4096] Endgame KRB-KRB} Be6 37. Kf2 Ra7 38. f5 Bc4 39. Re3 Ra1 40. Bf3 Rc1 41. h4 Bf7 42. Rd3+ Ke5 43. Bxc6 h5 (43... Kf4 $16 {is a better defense.}) 44. Re3+ $1 $18 Kf6 $2 (44... Kd6 {is a better chance.}) 45. g5+ $1 Kxf5 46. Bd7+ $1 Kg6 47. Rf3 {[%csl Gf3][%cal Rd7f5]} Bd5 48. Be8+ Kh7 49. g6+ Kh6 (49... Kg8 $142) 50. Rf8 $1 {[%cal Rf8h8]} Bg8 51. Rxg8 {[%cal Rg8h8] KRB-KR} Rc2+ 52. Ke3 {[%cal Rg8h8]} Rxc3+ 53. Ke4 {[%cal Rg8h8]} Rc4+ 54. Kf5 {[%cal Rg8h8]} Rf4+ 55. Ke6 $1 {[%cal Rg8h8]} Re4+ 56. Kf7 {[%cal Rg8h8]} ({Not} 56. Kf5 Rxe8 57. Rxe8 $11) 56... Rf4+ 57. Ke7 $1 {[%cal Rg8h8]} Rf8 58. Bf7 Re8+ 59. Kd6 {Threatening mate with Be6.} Rd8+ 60. Ke5 {Intending Be8 and mate.} Rf8 61. Ke4 Re8+ 62. Kd5 $2 (62. Kd4 $1 $18 {Black must now prevent Bd5.} Re4+ 63. Kd5 Rd4+ 64. Kc5 Rxh4 65. Kd6) 62... Rd8+ $1 $11 63. Ke5 $2 {[%mdl 8192]} (63. Ke6 $11 Re8+ 64. Kd6 Rd8+ 65. Ke5) 63... Rf8 $1 $18 64. Bd5 Rf5+ 65. Kd6 $2 (65. Ke4 $18 {has better winning chances.}) 65... Rf4 $2 {[%mdl 8192] [#]} (65... Kxg6 $16 66. Be4 Kf7 67. Rxg7+ Kxg7) 66. Bf7 $1 {[%cal Rg8h8]} Rd4+ 67. Ke7 $2 (67. Kc6 $18 {[%cal Rg8h8]} Rxh4 68. Kd6) 67... Re4+ $1 $11 68. Kd6 {[%cal Rg8h8]} Rd4+ $1 69. Kc5 {[%cal Rg8h8]} Rxh4 70. Kd6 Re4 71. Re8 $2 (71. Rh8+ $18 {and White stays clearly on top.} Kg5 72. Rh7) 71... Rd4+ $16 72. Ke7 Re4+ 73. Kd6 Rd4+ $1 74. Ke5 {White wants to mate with Kf5.} Rd1 $2 {[%mdl 8192]} (74... Ra4 $16 75. Rh8+ Kg5) 75. Rh8+ $18 Kg5 {[#]} 76. Rh7 $1 {[%cal Rh7g7]} Re1+ 77. Kd4 Kf6 $2 (77... Rg1 78. Rxg7 Kf6) 78. Rxh5 Rd1+ 79. Kc5 Rc1+ 80. Kd6 Rd1+ 81. Kc5 Rc1+ $1 82. Kd4 Rd1+ $1 83. Ke3 Re1+ 84. Kd2 Rg1 85. Rh3 Rg2+ 86. Kd3 Rg1 87. Kd4 Rd1+ 88. Kc5 Rd8 89. Re3 (89. Rf3+ $142 Ke5 90. Re3+ Kf5 91. Re1 Rd2 92. Ra1 Rf2 93. Kd4 Rf4+ 94. Kc5) 89... Ra8 90. Re6+ Kf5 91. Rb6 Ke5 92. Kc6 Ra7 $2 (92... Rd8 93. Kc5 Rd1) 93. Rb1 Re7 94. Rf1 Ra7 95. Bc4 Ra4 96. Kc5 $2 (96. Bd3 Rd4 97. Bb1) 96... Ra5+ $2 (96... Ra8 97. Rf7 Ra3 98. Rxg7 Kf6) 97. Kb4 Ra8 98. Rf7 Rh8 $2 (98... Rb8+ $18 99. Kc3 Rd8) 99. Bd3 Rd8 100. Kc3 Rg8 101. Kd2 Ke6 102. Ke3 Re8 103. Kd4 Re7 {Accuracy: White = 62%, Black = 45%.} 1-0

[Event "17th Aeroflot Open-A 2019"]
[Site "Moscow"]
[Date "2019.02.23"]
[Round "4.22"]
[White "Santos Ruiz, Miguel"]
[Black "Sethuraman, S.P."]
[Result "1/2-1/2"]
[WhiteElo "2554"]
[BlackElo "2651"]
[Annotator "TA"]
[PlyCount "57"]
[EventDate "2019.02.19"]
[EventCountry "RUS"]
[SourceTitle "playchess.com"]
[Source "ChessBase"]
[SourceQuality "1"]

{[%evp 9,57,28,20,22,28,23,62,47,56,28,27,32,28,27,23,30,25,26,30,27,51,45,58,42,58,33,64,26,25,22,33,35,34,34,44,34,34,34,27,22,35,18,23,0,12,10,16,29,31,23]} 1. d4 d5 2. c4 e6 3. Nc3 Bb4 4. cxd5 exd5 5. Bf4 c6 6. e3 {D31: Queen's Gambit Declined: Semi-Slav without ...Nf6 (+ Marshall Gambit and Noteboom) and Exchange Variation lines without ...Nf6} Bf5 7. Qb3 (7. Bd3 Bxd3 8. Qxd3 Ne7 9. Nge2 Nd7 10. O-O O-O 11. a3 Ba5 12. Rfc1 a6 13. Bg5 {½-½ (74) Andreikin,D (2708)-Fedoseev,V (2731) Sochi 2017}) 7... Qe7 $146 ({Predecessor:} 7... Qb6 8. Nge2 Be7 9. Ng3 Bg6 10. Be2 Nd7 11. O-O Ngf6 12. Rfc1 O-O 13. Na4 Qxb3 14. axb3 {½-½ (68) Mchedlishvili,M (2601)-Nguyen,N (2629) Doha 2016}) 8. a3 Ba5 9. Qa4 Qd8 10. b4 Bb6 11. Nf3 Nf6 12. Be2 O-O 13. O-O Nbd7 14. Qb3 Be6 15. Qc2 h6 16. h3 Re8 17. Rac1 Qe7 18. Qb2 Rec8 19. Rfd1 Bc7 20. Bxc7 Rxc7 21. Bd3 Rcc8 22. b5 c5 23. dxc5 Nxc5 24. Be2 Rc7 25. Nd4 Rac8 26. Rc2 Ncd7 27. Rdc1 Nb6 28. Qb3 Qd7 29. Na4 {Accuracy: White = 59%, Black = 45%.} 1/2-1/2

[Event "17th Aeroflot Open-A 2019"]
[Site "Moscow"]
[Date "2019.02.23"]
[Round "4.23"]
[White "Anton Guijarro, David"]
[Black "Sychev, Klementy"]
[Result "1/2-1/2"]
[WhiteElo "2642"]
[BlackElo "2545"]
[Annotator "TA"]
[PlyCount "93"]
[EventDate "2019.02.19"]
[EventCountry "RUS"]
[SourceTitle "playchess.com"]
[Source "ChessBase"]
[SourceQuality "1"]

{[%evp 20,93,37,22,27,15,21,0,5,0,0,0,0,0,0,0,38,-12,-36,-29,0,-2,28,1,20,11,32,0,4,0,0,0,0,0,0,0,0,-40,-58,-61,-67,-52,-52,-61,0,0,0,0,0,0,0,0,0,0,0,-17,0,0,0,0,0,0,0,0,0,0,8,0,2,8,20,8,8,8,8,0]} 1. d4 Nf6 2. c4 g6 3. f3 c5 4. d5 Bg7 5. Nc3 d6 6. e4 O-O 7. Bg5 h6 8. Be3 e6 9. Qd2 exd5 10. cxd5 Re8 11. Be2 Nh7 {A65: Modern Benoni: 6 e4} 12. h4 (12. Bb5 Nd7 13. Nh3 a6 14. Be2 b5 15. O-O h5 16. Nf2 b4 17. Na4 a5 18. Rac1 Nb6 19. Nxb6 Qxb6 {0-1 (55) Li,S (2520)-Ding,L (2637) Xinghua Jiangsu 2011}) 12... h5 $1 13. g4 hxg4 14. h5 g5 $146 ({Predecessor:} 14... Nd7 15. hxg6 fxg6 16. O-O-O b5 17. Bh6 Bh8 18. Bxb5 Rb8 19. Bxd7 Bxd7 {½-½ (68) Fedorowicz,J (2500)-Watson,W (2430) Hastings 1986}) 15. O-O-O (15. fxg4 Bxc3 16. Qxc3 Rxe4 $17) 15... Nd7 16. fxg4 Ne5 17. Nh3 {[%cal Rh3g5]} Bxg4 18. h6 Bf6 19. Rdf1 Bxh3 20. Rxh3 a6 21. Rh2 g4 22. Rhf2 {Threatens to win with Rxf6!} Bg5 {[#]} 23. Bxg4 $1 {[%mdl 512]} Kh8 (23... Nxg4 24. Bxg5) 24. Bh5 Bxe3 25. Qxe3 Qg5 $36 {[%mdl 2048] White is under pressure.} 26. Qxg5 Nxg5 27. Rf5 Rg8 28. a4 b5 29. Rg1 f6 $1 30. Rxf6 b4 31. Rf5 bxc3 (31... Nh3 $1 $15 32. Rxg8+ Rxg8) 32. Rfxg5 $11 {The position is equal.} Rxg5 33. Rxg5 $15 {[%mdl 4096] Endgame KRB-KRN} Nd3+ 34. Kc2 cxb2 35. Rg1 Rb8 36. Rb1 Ne5 37. Be2 ({But not} 37. Rxb2 Rxb2+ 38. Kxb2 a5 $15) 37... Rb4 38. a5 Rxe4 39. Bxa6 Ra4 40. Rxb2 {Hoping for Rb6.} Rxa5 41. Rb6 Nf7 42. Bc8 (42. Bd3 {is more complex.} Nxh6 43. Rxd6 Nf7 44. Rc6 Kg7 45. Ba6) 42... Nxh6 43. Be6 Kg7 44. Rxd6 Ra7 45. Rc6 {[#] d6 is the strong threat.} Nf7 46. d6 {Strongly threatening Rc7.} Kf6 47. Bxf7 {Accuracy: White = 39%, Black = 71%.} 1/2-1/2

[Event "17th Aeroflot Open-A 2019"]
[Site "Moscow"]
[Date "2019.02.23"]
[Round "4.24"]
[White "Iturrizaga Bonelli, Eduardo"]
[Black "Tsydypov, Zhamsaran"]
[Result "1/2-1/2"]
[WhiteElo "2640"]
[BlackElo "2547"]
[Annotator "TA"]
[PlyCount "25"]
[EventDate "2019.02.19"]
[EventCountry "RUS"]
[SourceTitle "playchess.com"]
[Source "ChessBase"]
[SourceQuality "1"]

{[%evp 10,25,33,0,0,0,0,0,52,-7,0,-14,14,-14,-12,-17,-14,-6]} 1. d4 Nf6 2. Nf3 g6 3. c4 Bg7 4. Nc3 d5 5. cxd5 Nxd5 6. Bg5 c5 {D90: Grünfeld: 4 Nf3 Bg7 sidelines} 7. Rc1 Nxc3 8. bxc3 Nc6 (8... Qa5 $11) (8... O-O 9. e3 h6 10. Bh4 Bf5 11. Be2 g5 12. Bg3 Qa5 13. Qd2 Rd8 14. O-O {½-½ (146) Lenderman,A (2630)-Vidit,S (2711) chess.com INT 2018}) 9. e3 (9. d5 $14 Ne5 10. Nxe5 Bxe5 11. e4) 9... Be6 $146 {The position is equal.} ({Predecessor:} 9... h6 10. Bh4 O-O 11. Be2 Be6 12. Qd2 g5 13. Bg3 Qa5 14. d5 {0-1 (38) Ulko,J (2451)-Nikolenko,O (2537) Moscow 2010}) 10. Qa4 a6 11. Bd3 Rc8 12. O-O Qa5 13. Qxa5 1/2-1/2

[Event "17th Aeroflot Open-A 2019"]
[Site "Moscow"]
[Date "2019.02.23"]
[Round "4.25"]
[White "Alekseenko, Kirill"]
[Black "Aryan Chopra"]
[Result "1/2-1/2"]
[WhiteElo "2634"]
[BlackElo "2540"]
[Annotator "TA"]
[PlyCount "76"]
[EventDate "2019.02.19"]
[EventCountry "RUS"]
[SourceTitle "playchess.com"]
[Source "ChessBase"]
[SourceQuality "1"]

{[%evp 10,76,38,36,39,43,37,37,39,27,32,31,34,34,28,-8,-3,-19,14,8,17,-20,0,-11,0,0,0,-8,0,0,0,0,0,0,0,0,0,0,0,0,0,-13,-12,-19,-16,-18,-8,-8,-8,-19,-18,-18,-18,-34,0,0,0,0,0,0,0,0,0,0,0,0,0,0,0]} 1. e4 e5 2. Nf3 Nc6 3. Bb5 a6 4. Ba4 g6 5. d4 exd4 6. Nxd4 Bg7 {C70: Ruy Lopez: 3...a6 4 Ba4, Norwegian and Delayed Schliemann} 7. Nxc6 dxc6 8. Qxd8+ Kxd8 {White is slightly better.} 9. Bb3 Bh6 $146 ({Predecessor:} 9... Be6 10. Bxe6 fxe6 11. Nd2 c5 12. Ke2 Nh6 13. Nc4 Nf7 14. a4 {1-0 (60) Tabatabaei,M (2573)-Aryan,C (2536) Ahmedabad 2017}) 10. Nd2 {[%cal Bb1d2,Bd2f3,Bf3e5][%mdl 32]} Ke7 11. O-O Nf6 12. Nf3 Bxc1 13. Raxc1 a5 {[%cal Ba6a5,Ba5a4][%mdl 32]} 14. Ne5 Rf8 15. Rfe1 a4 16. Bc4 Nd7 17. Nxd7 Bxd7 18. f3 c5 19. Kf2 Be6 20. Bxe6 Kxe6 $11 {[%mdl 4096] Endgame KRR-KRR} 21. Rcd1 Rfd8 22. Ke3 Rd6 23. Rxd6+ cxd6 {KR-KR} 24. Rd1 Rd8 25. Rd5 f5 26. h4 b5 27. h5 Rf8 28. hxg6 hxg6 29. Rd1 f4+ 30. Ke2 Rh8 31. b3 a3 32. c3 {The position is equal.} Rh7 33. Kf2 Rh5 34. b4 c4 35. Kg1 Rh8 36. Rd5 Rh5 37. Rd1 Rh8 38. Rd5 Rh5 {Accuracy: White = 61%, Black = 62%.} 1/2-1/2

[Event "17th Aeroflot Open-A 2019"]
[Site "Moscow"]
[Date "2019.02.23"]
[Round "4.26"]
[White "Paravyan, David"]
[Black "Puranik, Abhimanyu"]
[Result "1/2-1/2"]
[WhiteElo "2627"]
[BlackElo "2538"]
[Annotator "TA"]
[PlyCount "82"]
[EventDate "2019.02.19"]
[EventCountry "RUS"]
[SourceTitle "playchess.com"]
[Source "ChessBase"]
[SourceQuality "1"]

{[%evp 9,82,10,7,2,22,22,18,15,18,20,24,16,12,14,25,17,10,18,50,42,44,21,88,79,77,5,4,-1,-1,0,0,-28,-13,-14,0,0,0,0,0,0,10,10,7,0,0,-13,0,0,83,74,184,68,60,60,139,0,15,15,15,15,15,15,15,0,0,0,8,0,8,0,0,-8,0,0,0]} 1. d4 Nf6 2. c4 g6 3. g3 c6 4. Bg2 d5 5. Qa4 Bg7 6. cxd5 {D71: Fianchetto Grünfeld: 3 g3 d5 sidelines and 5 cxd5 (without Nf3)} O-O 7. dxc6 Nxc6 8. Nf3 Nd7 $146 ({Predecessor:} 8... Nd5 9. e3 Nb6 10. Qd1 e5 11. O-O Bg4 12. dxe5 Qxd1 13. Rxd1 Nxe5 {½-½ (68) Vitiugov,N (2735)-Vachier Lagrave,M (2789) Karlsruhe/Baden-Baden 2018}) 9. Qd1 Nb6 {[%cal Rc6d4]} 10. O-O Nxd4 11. Nxd4 Qxd4 12. Qxd4 Bxd4 13. Nc3 Bd7 14. Bxb7 Rab8 15. Bf3 Na4 (15... Rfc8 $11) 16. Rd1 e5 17. Nd5 (17. Nxa4 $16 {aiming for Nc3.} Bxa4 18. Rd2) 17... Kg7 $11 18. Rb1 Bf5 19. e4 Be6 $1 20. Kg2 (20. Bg5 {seems wilder.} Bxd5 21. exd5 Nxb2 22. Rf1 Nc4 23. Rxb8 Rxb8 24. Rc1) 20... Bxb2 21. h4 (21. Bxb2 {feels hotter.} Nxb2 22. Rd2 Nc4 23. Rxb8 Rxb8 24. Rc2) 21... Bxc1 (21... Rfc8 {with more complications.} 22. Bxb2 Rxb2 23. Rxb2 Nxb2 24. Rb1 Nd3) 22. Rdxc1 Rxb1 23. Rxb1 Bxd5 24. exd5 {[%mdl 4096] Endgame KRB-KRN} Nb6 25. Rb5 f5 26. Bd1 Kf6 27. a4 Rd8 28. Bb3 Rd7 {[#]} (28... e4 $11 {remains equal.}) 29. Rc5 $1 $16 {And now a5 would win.} Rd6 {[#]} (29... Rd8 $16) 30. Rc7 (30. a5 $1 $18) 30... a6 $14 31. Rxh7 Nxd5 ({Better is} 31... e4 $14) 32. h5 (32. Ra7 $16) 32... gxh5 {The position is equal.} 33. Rh6+ Ke7 34. Rxh5 Kf6 35. Rh6+ Ke7 36. Rxd6 Kxd6 $11 {KB-KN} 37. Kh3 Nc3 38. Kh4 Ne4 39. f4 a5 40. Bc2 exf4 41. gxf4 Ke6 {Accuracy: White = 49%, Black = 47%.} 1/2-1/2